IMF Research Perspectives, Fall-Winter 2018.
The Fall-Winter 2018 Research Perspective looks at "New Opportunities and Future Global Challenges." The guest editor for this issue is Marika Santoro.
| Autor Corporativo: | |
|---|---|
| Formato: | Revista |
| Idioma: | English |
| Publicado: |
Washington, D.C. :
International Monetary Fund,
2018.
|
| Series: | IMF Research Bulletin; IMF Research Bulletin ;
No 2018/002 |
| Acceso en liña: | Full text available on IMF Full text available on IMF Full text available on IMF |
| LEADER | 01446cas a2200265 a 4500 | ||
|---|---|---|---|
| 001 | AALejournalIMF022752 | ||
| 008 | 230101c9999 xx r poo 0 0eng d | ||
| 020 | |c 5.00 USD | ||
| 020 | |z IRBEA2018002 | ||
| 022 | |a 1020-8313 | ||
| 040 | |a BD-DhAAL |c BD-DhAAL | ||
| 110 | 2 | |a International Monetary Fund. |b Research Dept. | |
| 245 | 1 | 0 | |a IMF Research Perspectives, Fall-Winter 2018. |
| 264 | 1 | |a Washington, D.C. : |b International Monetary Fund, |c 2018. | |
| 300 | |a 1 online resource (21 pages) | ||
| 490 | 1 | |a IMF Research Bulletin | |
| 500 | |a <strong>Off-Campus Access:</strong> No User ID or Password Required | ||
| 500 | |a <strong>On-Campus Access:</strong> No User ID or Password Required | ||
| 506 | |a Electronic access restricted to authorized BRAC University faculty, staff and students | ||
| 520 | 3 | |a The Fall-Winter 2018 Research Perspective looks at "New Opportunities and Future Global Challenges." The guest editor for this issue is Marika Santoro. | |
| 538 | |a Mode of access: Internet | ||
| 830 | 0 | |a IMF Research Bulletin; IMF Research Bulletin ; |v No 2018/002 | |
| 856 | 4 | 0 | |z Full text available on IMF |u https://elibrary.imf.org/openurl?genre=book&isbn=9781513571829 |z IMF e-Library |
| 856 | 4 | 0 | |z Full text available on IMF |u https://elibrary.imf.org/openurl?genre=book&isbn=9781513587028 |z IMF e-Library |
| 856 | 4 | 0 | |z Full text available on IMF |u https://elibrary.imf.org/openurl?genre=journal&issn=1020-8313&volume=2018&issue=002 |z IMF e-Library |